00673nam a2200205 i 450000100060000000300090000600500170001500700030003200800410003502000180007610000240009424500750011826000690019330000220026250000130028450400200029760000670031771000500038485200330043491093ES-MaACL20230906180633.0t|050127s1974 fr ||||1| fre d a2-8017-0001-01 aLéonard, André.10aCommentaire littéral de la logique de Hegel / cpar André Leonard. aParis : bJ. Vrin : bInstitut Superieur de Philosophie, c1974. a622 p. ; c24 cm. aIndices. aBibliografía.04aHegel, Georg Wilhelm Friedrich-xCrítica e interpretación.2 aInstitut Supérieur de Philosophie (Louvain) aES-MaACLjL-11799 bR.113832